Battle Cats all faces - Statistics

General Stats
  • This quiz has been taken 53 times
  • The average score is 6 of 14
Answer Stats
Answer % Correct
The Face
98%
Shy Boy
80%
IM Phace
61%
CyberFace
59%
Hannya
57%
Lowkey
45%
Wicked Face
45%
Black Okame
41%
Dead Donny Dash
34%
Dashing Face
30%
Sathankhamun VIII
23%
Princess Head
11%
Shakurel Face
11%
Yakisoba Face
11%
No matching quizzes found
Score Distribution
Percent of People with Each Score
Percentile by Number Answered
Your Score History
You have not taken this quiz